[Event "Championnat de France des Jeunes - Mini"]
[Site "MONTLUCON"]
[Date "2011.04.17"]
[Round "1.1"]
[White "Eid, Maha"]
[Black "Queyroi, Marie-Juliette"]
[Result "1-0"]
[WhiteElo "2088"]
[BlackElo "1570"]
[PlyCount "99"]

1. d4 d5 2. c4 e6 3. Nc3 Nf6 4. cxd5 exd5 5. Bg5 Be7 6. e3 Bf5 7. Bxf6 Bxf6 8.
Qb3 Nd7 9. Nxd5 Nb6 10. Nxf6+ Qxf6 11. Nf3 O-O 12. Be2 Be6 13. Qc2 c6 14. Bd3
Qh6 15. O-O Nd7 16. Bf5 Rfe8 17. Rfd1 Nf6 18. Bxe6 Rxe6 19. Ne5 Rae8 20. Rac1
Nd5 21. Qb3 R6e7 22. h3 Qd6 23. a3 Nf6 24. Qc2 Qd5 25. b4 Ne4 26. Rb1 Nd6 27.
a4 a6 28. Rdc1 Re6 29. Qe2 Rh6 30. Rb2 f6 31. Rc5 Qe6 32. Nd3 Ne4 33. Rc1 Ng5
34. Nf4 Qe4 35. b5 axb5 36. axb5 cxb5 37. Qxb5 Rh4 38. Qxb7 Qf5 39. Qc6 Rf8 40.
d5 Nf7 41. Rd2 g5 42. Ne6 Rb8 43. Qc7 Re8 44. Qd7 Rd8 45. Qe7 Ra8 46. Nc7 Ra7
47. d6 Ne5 48. d7 Nf3+ 49. gxf3 Qxh3 50. d8=Q# 1-0

[Event "Championnat de France des Jeunes - Mini"]
[Site "MONTLUCON"]
[Date "2011.04.17"]
[Round "1.2"]
[White "Rouzes, Sibylle-Anne"]
[Black "Aflalo, Sophie"]
[Result "0-1"]
[WhiteElo "1565"]
[BlackElo "2042"]
[PlyCount "42"]

1. e4 c5 2. Nf3 Nc6 3. d4 cxd4 4. Nxd4 Nf6 5. Nc3 e5 6. Nxc6 bxc6 7. a3 Be7 8.
Bc4 O-O 9. Qf3 d6 10. O-O Bg4 11. Qd3 Kh8 12. Bg5 Nh5 13. Bxe7 Qxe7 14. f3 Be6
15. Bxe6 fxe6 16. Rfd1 d5 17. Qa6 Qc5+ 18. Kf1 Nf4 19. Rd2 Rf6 20. Ne2 Nh3 21.
gxh3 Rxf3+ 0-1

[Event "Championnat de France des Jeunes - Mini"]
[Site "MONTLUCON"]
[Date "2011.04.17"]
[Round "1.4"]
[White "Feller, Alice"]
[Black "Monpeurt, Cyrielle"]
[Result "0-1"]
[WhiteElo "1560"]
[BlackElo "1950"]
[PlyCount "76"]

1. d4 Nf6 2. Bg5 Ne4 3. Bf4 c5 4. f3 Nf6 5. c3 Nh5 6. Bxb8 Rxb8 7. Nd2 e6 8. g3
cxd4 9. cxd4 Qb6 10. Bg2 Qxb2 11. f4 Qxd4 12. Ngf3 Qe3 13. Qb3 Qxb3 14. Nxb3
Bb4+ 15. Nfd2 d5 16. O-O O-O 17. Nf3 Bd7 18. Rac1 Rfc8 19. Rfd1 Ba4 20. Kh1 Ba3
21. Rxc8+ Rxc8 22. Nfd4 Nf6 23. Bf3 Kf8 24. Kg2 Ke7 25. Rb1 b6 26. Re1 Rc4 27.
Rd1 Bb2 28. Rd2 Bc3 29. Rd3 Nd7 30. h3 Nc5 31. Nxc5 bxc5 32. Nb3 Bf6 33. Rd2 g6
34. Kf2 Rc3 35. Na5 Bd4+ 36. Kg2 Ra3 37. Nb3 Bxb3 38. axb3 Rxb3 0-1

[Event "Championnat de France des Jeunes - Mini"]
[Site "MONTLUCON"]
[Date "2011.04.17"]
[Round "1.5"]
[White "Navrotescu, Andreea-Cristiana"]
[Black "Savalle, Mathilde"]
[Result "1-0"]
[WhiteElo "1936"]
[BlackElo "1559"]
[PlyCount "49"]

1. d4 Nf6 2. c4 c5 3. d5 b5 4. Nd2 g6 5. e4 d6 6. cxb5 Bg7 7. a4 a6 8. Ngf3
Nbd7 9. Ra3 Ng4 10. Be2 Nge5 11. Nxe5 Nxe5 12. f4 Nd7 13. O-O O-O 14. Nc4 Bb7
15. f5 Ne5 16. Nxe5 Bxe5 17. Rh3 Bg7 18. Bh6 Re8 19. Bxg7 Kxg7 20. Qd2 Rh8 21.
Qh6+ Kg8 22. fxg6 fxg6 23. Bg4 Bc8 24. Be6+ Bxe6 25. dxe6 1-0

[Event "Championnat de France des Jeunes - Mini"]
[Site "MONTLUCON"]
[Date "2011.04.17"]
[Round "1.6"]
[White "Nadarajah, Piruntha"]
[Black "Fischer, Julie"]
[Result "0-1"]
[WhiteElo "1555"]
[BlackElo "1823"]
[PlyCount "56"]

1. e4 c5 2. Nf3 e6 3. Nc3 Nc6 4. d4 cxd4 5. Nxd4 Qc7 6. Nf3 Nf6 7. Bd2 Be7 8.
Bd3 a6 9. O-O O-O 10. Re1 Ng4 11. h3 Nge5 12. Bf4 Bd6 13. Nxe5 Nxe5 14. Bg3 b5
15. a3 Bb7 16. Be2 Qb6 17. Bxe5 Bxe5 18. Bf3 Bd4 19. Qd2 Rac8 20. Rab1 Rfd8 21.
Na2 d5 22. exd5 Bxd5 23. Bxd5 Rxd5 24. c3 Bxc3 25. Qc2 Rd2 26. Qe4 Rxf2 27. Re3
Re2 28. Nxc3 Rxe3 0-1

[Event "Championnat de France des Jeunes - Mini"]
[Site "MONTLUCON"]
[Date "2011.04.17"]
[Round "1.8"]
[White "Chauvet, Adele"]
[Black "Del Valle, Clemence"]
[Result "1-0"]
[WhiteElo "1535"]
[BlackElo "1820"]
[PlyCount "125"]

1. e4 c6 2. d4 d5 3. Nd2 dxe4 4. Nxe4 Bf5 5. Ng3 Bg6 6. h4 h6 7. h5 Bh7 8. Nf3
Nd7 9. Bd3 Bxd3 10. Qxd3 Ngf6 11. Bd2 e6 12. O-O-O Bd6 13. Ne4 Nxe4 14. Qxe4
Nf6 15. Qe2 Qc7 16. Kb1 O-O-O 17. Ne5 Nd5 18. Nc4 Bb4 19. c3 Be7 20. Qf3 Bf6
21. Qe4 Rhe8 22. f4 Kb8 23. g4 c5 24. g5 Be7 25. Rhf1 cxd4 26. Ne5 dxc3 27. Rc1
Qb6 28. Bxc3 Nxc3+ 29. Rxc3 Rd4 30. Qc2 Red8 31. Nxf7 Rd2 32. Qc1 Bb4 33. Rb3
Rc8 34. Qxd2 Bxd2 35. Rxb6 axb6 36. gxh6 gxh6 37. f5 exf5 38. Nd6 Rg8 39. Rxf5
Rg1+ 40. Kc2 Bg5 41. Nf7 Rg2+ 42. Kb3 Rg3+ 43. Kc4 Bc1 44. b3 Rg2 45. a4 Rc2+
46. Kb5 Rb2 47. Kb4 Bd2+ 48. Kc4 Kc7 49. Rb5 Rb1 50. Ne5 Rf1 51. Kd3 Bg5 52.
Nc4 Rf3+ 53. Kc2 Rh3 54. Nxb6 Rxh5 55. Nd5+ Kb8 56. a5 Rh2+ 57. Kd3 Ra2 58. Kc4
h5 59. Nb4 Rg2 60. a6 Rg4+ 61. Kd5 Ka7 62. Rxb7+ Ka8 63. Nc6 1-0

[Event "Championnat de France des Jeunes - Mini"]
[Site "MONTLUCON"]
[Date "2011.04.17"]
[Round "1.10"]
[White "Coutier, Camille"]
[Black "Thomas, Anysia"]
[Result "0-1"]
[WhiteElo "1525"]
[BlackElo "1790"]
[PlyCount "168"]

1. d4 d5 2. c4 dxc4 3. Nc3 c5 4. e3 cxd4 5. exd4 g6 6. Bxc4 Nf6 7. Nf3 Bg7 8.
O-O O-O 9. h3 Nbd7 10. Re1 Nb6 11. Bb3 e6 12. Bg5 h6 13. Bd2 Nbd5 14. Nxd5 Nxd5
15. Qc2 b6 16. Rad1 Bb7 17. Ne5 Rc8 18. Qb1 b5 19. Qd3 a6 20. Bc2 Ne7 21. Bb4
Re8 22. Bxe7 Qxe7 23. Bb3 Qg5 24. Nf3 Bxf3 25. Qxf3 a5 26. d5 exd5 27. Bxd5
Rxe1+ 28. Rxe1 Rf8 29. b3 Qd2 30. Re7 Bf6 31. Rd7 Qe1+ 32. Kh2 Qe5+ 33. Kg1 h5
34. Ra7 Qc3 35. Qxc3 Bxc3 36. Rb7 Kg7 37. Rxb5 Re8 38. Rb7 Re1+ 39. Kh2 Be5+
40. g3 Re2 41. Rxf7+ Kh6 42. Kg2 Rxa2 43. Bc4 Rc2 44. Ra7 Bd4 45. Rf7 a4 46.
Bd3 Rc3 47. Be4 a3 48. Rd7 a2 49. Rd6 Kg7 50. Rd7+ Kf6 51. Rd6+ Ke5 52. Ra6
Kxe4 53. Rxa2 Rxb3 54. Re2+ Kf5 55. Ra2 Rb2 56. Ra5+ Kf6 57. Ra6+ Kg7 58. Kf3
Rxf2+ 59. Ke4 Bf6 60. Ra7+ Kh6 61. Ke3 Rh2 62. h4 Rb2 63. Kf4 Rb4+ 64. Kf3 Be5
65. Ra3 Bd6 66. Rd3 Bb8 67. Kg2 Rg4 68. Kf2 Kg7 69. Rb3 Ba7+ 70. Kg2 Bd4 71.
Rf3 Bf6 72. Ra3 Bxh4 73. Ra7+ Kh6 74. Ra3 Bg5 75. Kf3 Rc4 76. Rb3 Rc1 77. Kg2
Rc2+ 78. Kf3 Bf6 79. Kf4 Rf2+ 80. Ke3 Rf5 81. Ke4 Kg5 82. Ke3 Kg4 83. Ke4 Re5+
84. Kd3 Kxg3 0-1

[Event "Championnat de France des Jeunes - Minim"]
[Site "MONTLUCON"]
[Date "2011.04.18"]
[Round "2.1"]
[White "Kambrath, Linda"]
[Black "Eid, Maha"]
[Result "0-1"]
[WhiteElo "1656"]
[BlackElo "2088"]
[PlyCount "29"]

1. d4 Nf6 2. Nf3 e6 3. Bf4 c5 4. e3 cxd4 5. exd4 Be7 6. h3 b6 7. Bd3 Bb7 8.
Nbd2 d6 9. O-O O-O 10. Bh2 Re8 11. Re1 Bf8 12. c3 Nbd7 13. Qc2 Qc7 14. Ne4 Nxe4
15. Bxe4 0-1

[Event "Championnat de France des Jeunes - Minim"]
[Site "MONTLUCON"]
[Date "2011.04.18"]
[Round "2.2"]
[White "Aflalo, Sophie"]
[Black "David, Betty"]
[Result "1-0"]
[WhiteElo "2042"]
[BlackElo "1620"]
[PlyCount "65"]

1. e4 c5 2. Nf3 a6 3. c4 e6 4. d4 cxd4 5. Nxd4 Qc7 6. a3 Nf6 7. Nc3 b6 8. Bd3
Bb7 9. O-O Be7 10. Qe2 d6 11. Be3 Nbd7 12. f3 O-O 13. Rac1 Rac8 14. b4 Qb8 15.
Bb1 Rfe8 16. Ba2 Bf8 17. Bg5 d5 18. Bxf6 Nxf6 19. e5 Nd7 20. cxd5 Bxd5 21. Nxd5
Rxc1 22. Rxc1 exd5 23. f4 a5 24. Nc6 Qa8 25. Bxd5 Kh8 26. Bxf7 Rc8 27. b5 Bxa3
28. Rd1 Rxc6 29. bxc6 Qxc6 30. Qd3 Qc5+ 31. Kh1 Nf8 32. Ba2 Bb4 33. Qb3 1-0

[Event "Championnat de France des Jeunes - Minim"]
[Site "MONTLUCON"]
[Date "2011.04.18"]
[Round "2.3"]
[White "Le Marec, Laura"]
[Black "Rigolot, Lucie"]
[Result "1-0"]
[WhiteElo "1648"]
[BlackElo "1957"]
[PlyCount "71"]

1. d4 d5 2. c4 c6 3. Nc3 Nf6 4. Nf3 e6 5. Bg5 h6 6. Bh4 Be7 7. e3 Nbd7 8. Bd3
dxc4 9. Bxc4 b5 10. Bd3 b4 11. Bxf6 Nxf6 12. Ne4 Nd7 13. Rc1 Qa5 14. Qb3 Bb7
15. Nfd2 c5 16. Nc4 Qc7 17. O-O O-O 18. dxc5 Bxe4 19. Bxe4 Nxc5 20. Qc2 Rab8
21. Nd2 Qa5 22. Nb3 Nxb3 23. Qxb3 Qe5 24. Bf3 Bd6 25. g3 h5 26. Bg2 h4 27. f4
Qf6 28. gxh4 Qxh4 29. Rf3 Rb5 30. Rh3 Qe7 31. Qd3 Rf5 32. Be4 Rf6 33. Bh7+ Kh8
34. Bg8+ Rh6 35. Rxh6+ gxh6 36. Qh7# 1-0

[Event "Championnat de France des Jeunes - Minim"]
[Site "MONTLUCON"]
[Date "2011.04.18"]
[Round "2.4"]
[White "Monpeurt, Cyrielle"]
[Black "Vignette, Jeanne"]
[Result "1-0"]
[WhiteElo "1950"]
[BlackElo "1617"]
[PlyCount "81"]

1. e4 e5 2. Nf3 Nc6 3. Bb5 a6 4. Ba4 Nf6 5. O-O b5 6. Bb3 Bc5 7. Re1 d6 8. c3
Bg4 9. d3 h6 10. Nbd2 O-O 11. Nf1 a5 12. h3 Bh5 13. Ng3 Bg6 14. Nh2 Nh7 15. Ng4
h5 16. Ne3 h4 17. Ngf5 Bxf5 18. Nxf5 Qf6 19. Qg4 g6 20. Be3 Ne7 21. Nxh4 Bxe3
22. Rxe3 Qf4 23. Nxg6 Nxg6 24. Qxg6+ Kh8 25. Qh5 a4 26. Bd5 Rac8 27. Bc6 Rb8
28. Bd7 Rg8 29. h4 Rg6 30. Rf3 Qh6 31. Qxh6 Rxh6 32. Rxf7 Rxh4 33. Bf5 c5 34.
g3 Rh6 35. Kg2 Ng5 36. Rd7 Rf6 37. Rh1+ Kg8 38. Rh5 Nf7 39. g4 Rh6 40. Rxh6
Nxh6 41. Rxd6 1-0

[Event "Championnat de France des Jeunes - Minim"]
[Site "MONTLUCON"]
[Date "2011.04.18"]
[Round "2.6"]
[White "Fischer, Julie"]
[Black "Susini, Lisa"]
[Result "0-1"]
[WhiteElo "1823"]
[BlackElo "1615"]
[PlyCount "108"]

1. e4 e5 2. Nf3 Nc6 3. d4 exd4 4. Bc4 Nf6 5. e5 d5 6. Bb5 Nd7 7. O-O Be7 8. e6
Nf6 9. Ne5 Bxe6 10. Nxc6 bxc6 11. Bxc6+ Bd7 12. Bxa8 Qxa8 13. Re1 c5 14. Bg5
Be6 15. f4 Qb7 16. Bxf6 gxf6 17. Qe2 Bf5 18. b3 Rg8 19. a4 a6 20. Na3 Be4 21.
g3 Bd8 22. Nc4 Qc6 23. Nd2 f5 24. Nf3 f6 25. Nh4 Qe6 26. Qh5+ Qf7 27. Qxf5 Qd7
28. Qh5+ Kf8 29. Rxe4 dxe4 30. Qxc5+ Be7 31. Qh5 d3 32. Nf5 dxc2 33. Rc1 Qd2
34. Rxc2 Qxc2 35. Qh6+ Ke8 36. Qxh7 Bc5+ 37. Kh1 Qd1+ 38. Kg2 Qf3+ 39. Kh3 Qg4+
40. Kg2 e3 41. Nxe3 Bxe3 42. Qe4+ Kf8 43. Qxe3 Qe6 44. Qf3 Rh8 45. f5 Qd7 46.
Qf1 Qd2+ 47. Kf3 Rxh2 48. Qc4 Kg7 49. Qc7+ Kh6 50. Qc5 Qd3+ 51. Kf4 Qf1+ 52.
Ke4 Re2+ 53. Kd4 Qd1+ 54. Kc4 Rc2+ 0-1

[Event "Championnat de France des Jeunes - Minim"]
[Site "MONTLUCON"]
[Date "2011.04.18"]
[Round "2.7"]
[White "Laric, Emilie"]
[Black "Afraoui, Solenn"]
[Result "0-1"]
[WhiteElo "1590"]
[BlackElo "1820"]
[PlyCount "64"]

1. d4 Nf6 2. c4 c5 3. d5 b5 4. b3 g6 5. Bb2 d6 6. Nd2 bxc4 7. bxc4 Bg7 8. Qc2
O-O 9. e4 e6 10. Bd3 exd5 11. cxd5 Re8 12. f3 Nxd5 13. Nc4 Nb4 14. Qd1 d5 15.
Bxg7 dxc4 16. Bxc4 Kxg7 17. a3 N4c6 18. Bd5 Be6 19. Bxe6 Rxe6 20. Qxd8 Nxd8 21.
Rd1 Nbc6 22. Ne2 Rb8 23. Kf2 Rb3 24. Nf4 Re7 25. Rd5 Nb7 26. Nd3 Rxa3 27. Nxc5
Nb4 28. Rd7 Rxd7 29. Nxd7 Nd3+ 30. Kg3 Nbc5 31. Nxc5 Nxc5 32. Re1 a5 0-1

[Event "Championnat de France des Jeunes - Minim"]
[Site "MONTLUCON"]
[Date "2011.04.18"]
[Round "2.8"]
[White "Griggio, Julie"]
[Black "Etienne, Alice"]
[Result "1-0"]
[WhiteElo "1796"]
[BlackElo "1583"]
[PlyCount "91"]

1. e4 e6 2. d4 d5 3. e5 c5 4. c3 Qb6 5. Nf3 Nc6 6. a3 Bd7 7. b4 cxd4 8. cxd4
Rc8 9. Bb2 Na5 10. Nbd2 Nc4 11. Nxc4 dxc4 12. Rc1 a5 13. Nd2 c3 14. Bxc3 axb4
15. axb4 Bxb4 16. Nc4 Bxc3+ 17. Rxc3 Qb4 18. Qb3 Qxb3 19. Rxb3 Rc7 20. Nd6+ Ke7
21. Rxb7 Rxb7 22. Nxb7 Nh6 23. Kd2 Nf5 24. Kc3 Rc8+ 25. Nc5 Bc6 26. Rg1 Rd8 27.
Nb3 Ba4 28. g4 Nh6 29. Nc5 Rc8 30. Bc4 Bc6 31. f4 g6 32. Bd3 f5 33. exf6+ Kf7
34. g5 Nf5 35. Bxf5 exf5 36. Re1 Be4 37. Kb4 Rb8+ 38. Kc4 Rc8 39. d5 Bd3+ 40.
Kxd3 Rxc5 41. Re7+ Kg8 42. Kd4 Rc8 43. f7+ Kf8 44. Re8+ Rxe8 45. fxe8=Q+ Kxe8
46. Ke5 1-0

[Event "Championnat de France des Jeunes - Minim"]
[Site "MONTLUCON"]
[Date "2011.04.18"]
[Round "2.9"]
[White "Thomas, Anysia"]
[Black "Sriskantharajah, Niruja"]
[Result "1-0"]
[WhiteElo "1790"]
[BlackElo "1571"]
[PlyCount "157"]

1. d4 d5 2. c4 c6 3. Nc3 Nf6 4. cxd5 cxd5 5. h3 Nc6 6. Nf3 Bf5 7. Bf4 e6 8. a3
Bd6 9. Bxd6 Qxd6 10. e3 a6 11. Be2 b5 12. O-O O-O 13. Nh4 Ne7 14. Nxf5 Nxf5 15.
b4 Rfc8 16. Qd3 Rc6 17. Na2 Rac8 18. Rac1 Ne4 19. Bf3 Ng5 20. Bg4 Nh6 21. Be2
f6 22. Rxc6 Rxc6 23. Rc1 Qc7 24. Rxc6 Qxc6 25. Qc3 Qb7 26. Bd3 Ngf7 27. Nc1 Nd6
28. Nb3 Nc4 29. Nc5 Qc6 30. e4 Nf7 31. exd5 exd5 32. a4 Nfd6 33. a5 Nb7 34. Bc2
Ncd6 35. Qd3 g6 36. Qf3 Kf7 37. Qe3 Nc4 38. Qh6 Kg8 39. Qf4 Kg7 40. Qb8 Nxc5
41. dxc5 Qd7 42. Qa8 Qe6 43. Qb7+ Kh6 44. Qc7 Qe1+ 45. Kh2 Qe5+ 46. Qxe5 Nxe5
47. f4 Nc6 48. Kg3 Nxb4 49. Bb3 Kg7 50. Kf3 Kf8 51. Ke3 Ke7 52. Kd4 Ke6 53. g4
Nc6+ 54. Kc3 Nxa5 55. Bc2 Nc6 56. f5+ Kf7 57. Bb3 Ke7 58. Bxd5 Ne5 59. Bb7 a5
60. Kd4 Nd7 61. c6 Nb6 62. Kc5 Na4+ 63. Kxb5 Nc3+ 64. Kxa5 Nd5 65. Kb5 Nc7+ 66.
Kc5 Ne8 67. Kb6 Kd6 68. Bc8 g5 69. Bd7 Nc7 70. Kb7 Nd5 71. Kc8 Ne7+ 72. Kd8 Nd5
73. Ke8 Ke5 74. Be6 Nc7+ 75. Kd7 Na8 76. c7 Nb6+ 77. Kc6 Na4 78. c8=Q Ke4 79.
Kb5 1-0

[Event "Championnat de France des Jeunes - Minim"]
[Site "MONTLUCON"]
[Date "2011.04.18"]
[Round "2.10"]
[White "Dubois, Marie"]
[Black "Chauvet, Adele"]
[Result "0-1"]
[WhiteElo "1706"]
[BlackElo "1535"]
[PlyCount "82"]

1. d4 Nf6 2. c4 g6 3. f3 Bg7 4. e4 d6 5. Nc3 O-O 6. Be3 Nbd7 7. Qd2 c6 8. Nh3
a6 9. Bd3 Qa5 10. O-O c5 11. Be2 cxd4 12. Bxd4 Ne5 13. Nf2 Nc6 14. Be3 Rd8 15.
a3 Be6 16. Rac1 Nd7 17. Rfd1 Rac8 18. Nd5 Qxd2 19. Rxd2 Kf8 20. Nf4 Na5 21.
Nxe6+ fxe6 22. Rdc2 Nb3 23. Rd1 Ndc5 24. f4 Na4 25. Bg4 Kf7 26. Nd3 b5 27. e5
bxc4 28. Nb4 a5 29. Na2 d5 30. Bd4 Nxd4 31. Rxd4 Rb8 32. Rdd2 Rb6 33. Nc3 Nxc3
34. Rxc3 Rdb8 35. Rcc2 g5 36. Bh5+ Kg8 37. g3 gxf4 38. gxf4 Bh6 39. Rg2+ Kh8
40. Rgf2 Rf8 41. f5 Be3 0-1

[Event "Championnat de France des Jeunes - Minim"]
[Site "MONTLUCON"]
[Date "2011.04.18"]
[Round "3.1"]
[White "Eid, Maha"]
[Black "Thomas, Anysia"]
[Result "1/2-1/2"]
[WhiteElo "2088"]
[BlackElo "1790"]
[PlyCount "35"]

1. d4 d5 2. c4 dxc4 3. Nf3 c5 4. e3 cxd4 5. exd4 Nf6 6. Bxc4 e6 7. O-O Be7 8.
Nc3 O-O 9. Qe2 Nc6 10. Rd1 Na5 11. Bd3 b6 12. h3 Bb7 13. Bf4 Nd5 14. Bh2 Rc8
15. Nxd5 Bxd5 16. Ne5 Ra8 17. Ba6 Bb7 18. Qd2 1/2-1/2

[Event "Championnat de France des Jeunes - Minim"]
[Site "MONTLUCON"]
[Date "2011.04.18"]
[Round "3.2"]
[White "Bekhouche, Marion"]
[Black "Aflalo, Sophie"]
[Result "0-1"]
[WhiteElo "1703"]
[BlackElo "2042"]
[PlyCount "64"]

1. d4 Nf6 2. c4 g6 3. Nc3 Bg7 4. e4 d6 5. h3 a6 6. Nf3 O-O 7. Bg5 Nbd7 8. Bd3
c5 9. d5 b5 10. O-O Rb8 11. Qc2 bxc4 12. Bxc4 Nb6 13. Be2 e6 14. dxe6 Bxe6 15.
e5 dxe5 16. Nxe5 Bf5 17. Qd2 Qe8 18. Nf3 Qc6 19. Rad1 Ne4 20. Nxe4 Bxe4 21. Qc1
Na4 22. b3 Nc3 23. Rd2 Nxe2+ 24. Rxe2 Bxf3 25. gxf3 Qxf3 26. Re3 Qf5 27. Be7
Rfc8 28. Rfe1 Bd4 29. R3e2 Qxh3 30. Bd6 Qg4+ 31. Bg3 h5 32. Re4 Qxg3+ 0-1

[Event "Championnat de France des Jeunes - Minim"]
[Site "MONTLUCON"]
[Date "2011.04.18"]
[Round "3.3"]
[White "Gennesseaux, Gabrielle"]
[Black "Monpeurt, Cyrielle"]
[Result "0-1"]
[WhiteElo "1660"]
[BlackElo "1950"]
[PlyCount "34"]

1. e4 e5 2. Nf3 Nc6 3. Bb5 a6 4. Bxc6 dxc6 5. O-O Bg4 6. h3 Bh5 7. d3 Bd6 8.
Be3 Nf6 9. Nbd2 Qe7 10. Qe2 O-O-O 11. Nc4 h6 12. a3 Nh7 13. b4 Ng5 14. Nxd6+
cxd6 15. Bb6 Rdf8 16. c4 Bxf3 17. gxf3 Nxh3+ 0-1

[Event "Championnat de France des Jeunes - Minim"]
[Site "MONTLUCON"]
[Date "2011.04.18"]
[Round "3.4"]
[White "Navrotescu, Andreea-Cristiana"]
[Black "Le Marec, Laura"]
[Result "1-0"]
[WhiteElo "1936"]
[BlackElo "1648"]
[PlyCount "121"]

1. d4 Nf6 2. c4 e6 3. Nc3 Bb4 4. e3 b6 5. Bd3 Bb7 6. f3 Na6 7. a3 Bxc3+ 8. bxc3
c5 9. Ne2 O-O 10. e4 d5 11. cxd5 exd5 12. e5 Ne8 13. O-O Nac7 14. f4 f5 15. g4
Bc8 16. gxf5 Bxf5 17. Bxf5 Rxf5 18. Ng3 Rf7 19. Qg4 Nb5 20. Bb2 cxd4 21. cxd4
Qc8 22. Qf3 Qb7 23. a4 Nbc7 24. Qg4 Na6 25. Rac1 Rc7 26. Rxc7 Qxc7 27. f5 Qd7
28. Nh5 Kh8 29. Ba3 Rc8 30. e6 Qd8 31. Bf8 Rc7 32. e7 Rxe7 33. Bxe7 Qxe7 34.
Qg3 Nf6 35. Re1 Ne4 36. Qe5 Qxe5 37. dxe5 Kg8 38. Nf4 Nc3 39. e6 Kf8 40. e7+
Ke8 41. Nh5 Ne4 42. Nxg7+ Kxe7 43. Rd1 Kd6 44. Nh5 Ke5 45. f6 Nxf6 46. Nxf6
Kxf6 47. Rxd5 Nc5 48. a5 Kf7 49. Kf1 h6 50. axb6 axb6 51. Rd6 Ne6 52. Rxb6 Kf6
53. Kf2 Kf5 54. Kg3 h5 55. Rb5+ Kg6 56. Ra5 Nd4 57. Ra4 Ne6 58. Kh4 Ng7 59.
Ra6+ Kh7 60. Kg5 Kh8 61. Kg6 1-0

[Event "Championnat de France des Jeunes - Minim"]
[Site "MONTLUCON"]
[Date "2011.04.18"]
[Round "3.5"]
[White "Afraoui, Solenn"]
[Black "Susini, Lisa"]
[Result "1-0"]
[WhiteElo "1820"]
[BlackElo "1615"]
[PlyCount "153"]

1. e4 e5 2. Nf3 Nc6 3. Bc4 Nf6 4. d3 Be7 5. c3 O-O 6. O-O d6 7. h3 h6 8. b4 Re8
9. Qb3 Rf8 10. Be3 Bd7 11. Nh4 a5 12. a3 axb4 13. cxb4 Nd4 14. Qb2 b5 15. Ba2
Be6 16. Bxe6 Nxe6 17. Nf5 Nh5 18. Qe2 Nhf4 19. Qg4 Ng6 20. Nc3 c6 21. g3 Kh7
22. f4 exf4 23. gxf4 Bf6 24. d4 Ne7 25. e5 dxe5 26. fxe5 Bg5 27. Bxg5 Nxg5 28.
h4 Ne6 29. Nd6 f5 30. Qd1 Ng6 31. Nxf5 Nxh4 32. Nxh4 Qxh4 33. Qd3+ Kh8 34. Ne2
Qg4+ 35. Kh2 Qh4+ 36. Qh3 Qe4 37. Ng3 Qc2+ 38. Qg2 Qc4 39. Nf5 Ra7 40. Rac1 Qd3
41. Rcd1 Qc3 42. Rf3 Qc4 43. Rg1 Ng5 44. Rf2 Qe6 45. Qg3 Rxf5 46. Rxf5 Qxf5 47.
Rg2 Rf7 48. Kh1 Qh3+ 49. Qxh3 Nxh3 50. Rc2 Rf4 51. Rxc6 Rxd4 52. Rc5 Rd3 53.
Rxb5 Rxa3 54. Rb8+ Kh7 55. e6 Ra7 56. Re8 Ra3 57. b5 Nf4 58. e7 Re3 59. b6 Nd5
60. b7 Nxe7 61. b8=Q Re1+ 62. Kg2 Nc6 63. Qc8 Rxe8 64. Qxe8 Na5 65. Qa4 Nb7 66.
Qe4+ Kg8 67. Qxb7 Kh7 68. Kf3 Kg6 69. Qe4+ Kf6 70. Kg4 g6 71. Qc6+ Kf7 72. Kf4
Kg7 73. Ke5 h5 74. Qd7+ Kh6 75. Kf6 h4 76. Qg7+ Kh5 77. Qxg6# 1-0

[Event "Championnat de France des Jeunes - Minim"]
[Site "MONTLUCON"]
[Date "2011.04.18"]
[Round "3.6"]
[White "Chauvet, Adele"]
[Black "Griggio, Julie"]
[Result "1/2-1/2"]
[WhiteElo "1535"]
[BlackElo "1796"]
[PlyCount "96"]

1. e4 e6 2. d4 d5 3. Nd2 c5 4. exd5 exd5 5. Ngf3 Nc6 6. dxc5 Bxc5 7. Bb5 Nge7
8. O-O O-O 9. Nb3 Bb6 10. Bg5 Qd6 11. Re1 h6 12. Bd2 Bg4 13. Bc3 Bc7 14. g3 h5
15. Qd3 Qg6 16. Qxg6 Nxg6 17. Kg2 Rfe8 18. h3 Bxf3+ 19. Kxf3 a6 20. Bf1 Nge5+
21. Kg2 Bb6 22. Be2 d4 23. Bd2 g6 24. f4 Nd7 25. Bc4 Nf6 26. Rf1 Rad8 27. Rae1
Rxe1 28. Rxe1 Nd5 29. a3 Ba7 30. Bd3 Nf6 31. f5 Kg7 32. fxg6 fxg6 33. Bg5 Rd5
34. h4 Re5 35. Rf1 Ng4 36. Kh3 b5 37. Rf4 Re1 38. Be4 Re2 39. Bg2 Nce5 40. Nxd4
Nf2+ 41. Kh2 Neg4+ 42. Kg1 Bxd4 43. Rxd4 Rxc2 44. Rd7+ Kf8 45. Rd8+ Kg7 46.
Rd7+ Kf8 47. Rd8+ Kg7 48. Rd7+ Kf8 1/2-1/2

[Event "Championnat de France des Jeunes - Minim"]
[Site "MONTLUCON"]
[Date "2011.04.18"]
[Round "3.7"]
[White "Tamburro, Clemence"]
[Black "Rei-Rosa, Sophie"]
[Result "0-1"]
[WhiteElo "1487"]
[BlackElo "1700"]
[PlyCount "90"]

1. e4 e5 2. Nf3 Nc6 3. Bc4 Nf6 4. d3 Be7 5. Nc3 d6 6. Bg5 Bg4 7. h3 Bh5 8. Be3
O-O 9. g4 Bg6 10. Nh4 Nd7 11. Nxg6 hxg6 12. Qd2 Nd4 13. O-O-O c6 14. f4 b5 15.
fxe5 dxe5 16. Bb3 Nxb3+ 17. axb3 Bb4 18. h4 Qa5 19. Kb1 Bxc3 20. Qxc3 Qxc3 21.
bxc3 f6 22. g5 a5 23. d4 b4 24. dxe5 Nxe5 25. cxb4 axb4 26. Bc5 Rfb8 27. Rhf1
Rb5 28. Be7 Ng4 29. gxf6 gxf6 30. Rg1 f5 31. exf5 gxf5 32. Rd6 Kf7 33. Bg5 Rba5
34. Rd7+ Kg6 35. Rd6+ Kf7 36. Rd7+ Ke6 37. Re7+ Kd6 38. Rd1+ Kc5 39. Be3+ Nxe3
40. Re5+ Kb6 41. Rxa5 Rxa5 42. Rd3 Re5 43. h5 Nd5 44. h6 Re1+ 45. Kb2 Nc3 0-1

[Event "Championnat de France des Jeunes - Minim"]
[Site "MONTLUCON"]
[Date "2011.04.18"]
[Round "3.8"]
[White "Bertrand, Meryl"]
[Black "Richier, Lucie"]
[Result "0-1"]
[WhiteElo "1648"]
[BlackElo "1634"]
[PlyCount "74"]

1. e4 e6 2. d4 d5 3. exd5 exd5 4. Nc3 c6 5. Nf3 Bd6 6. h3 Bf5 7. Bd2 Nd7 8. Be2
Ngf6 9. O-O O-O 10. Re1 Re8 11. Nh4 Be4 12. Bf3 Nb6 13. Bg5 h6 14. Bxf6 Qxf6
15. Bxe4 Qxh4 16. Bf3 Rxe1+ 17. Qxe1 Qxd4 18. g3 Qf6 19. Kg2 Nc4 20. Rb1 Qf5
21. Qe2 Be5 22. Bxd5 Nd6 23. Be4 Qf6 24. Nd1 Re8 25. f3 Qg5 26. Qf2 Nxe4 27.
fxe4 Rd8 28. h4 Qg6 29. Qe3 Bd4 30. Qd3 Bf6 31. Qe3 Bxh4 32. Nf2 Bg5 33. Qxa7
Rd2 34. Qxb7 Qxe4+ 35. Kg1 Qf3 36. Qb8+ Kh7 37. Rf1 Be3 0-1

[Event "Championnat de France des Jeunes - Minim"]
[Site "MONTLUCON"]
[Date "2011.04.18"]
[Round "3.9"]
[White "Rigolot, Lucie"]
[Black "Assou Vaudry, Myriam"]
[Result "1-0"]
[WhiteElo "1957"]
[BlackElo "1580"]
[PlyCount "53"]

1. e4 c5 2. Nf3 d6 3. d4 cxd4 4. Nxd4 Nf6 5. Nc3 g6 6. f3 Bg7 7. Be3 O-O 8. Qd2
Nc6 9. g4 a6 10. h4 h5 11. gxh5 Nxh5 12. O-O-O b5 13. Nxc6 Qd7 14. Nd5 Re8 15.
Nd4 Rb8 16. Ne2 Bb7 17. Ndf4 Nf6 18. h5 g5 19. Nd5 Bxd5 20. exd5 g4 21. h6 Bh8
22. fxg4 Nh7 23. Bh3 Qc7 24. g5 Qc4 25. b3 Qe4 26. Nc3 Qb4 27. Bd4 1-0

[Event "Championnat de France des Jeunes - Minim"]
[Site "MONTLUCON"]
[Date "2011.04.18"]
[Round "3.10"]
[White "Etienne, Alice"]
[Black "Fischer, Julie"]
[Result "0-1"]
[WhiteElo "1583"]
[BlackElo "1823"]
[PlyCount "60"]

1. d4 Nf6 2. Nf3 g6 3. Nbd2 Bg7 4. e4 d6 5. Bd3 O-O 6. O-O c5 7. c3 Bg4 8. h3
Bd7 9. Re1 Nh5 10. a3 a5 11. Rb1 Nc6 12. Bb5 cxd4 13. Bxc6 dxc3 14. Bxb7 cxd2
15. Qxd2 Rb8 16. Ba6 Qb6 17. Bc4 Rfc8 18. b3 Rxc4 19. bxc4 Qxb1 20. Qxa5 Qb3
21. Qc7 Qb7 22. Qxb7 Rxb7 23. g4 Nf6 24. e5 dxe5 25. Nxe5 Be6 26. c5 Rc7 27.
Be3 Nd5 28. Bd4 Nf4 29. Re3 Bd5 30. a4 Ne6 0-1